Hutnictví železa /
Enregistré dans:
| Auteur principal: | |
|---|---|
| Format: | Livre |
| Langue: | tchèque |
| Publié: |
Praha :
SNTL,
1988
|
| Édition: | 1.vyd. |
| Sujets: | |
| Tags: |
Pas de tags, Soyez le premier à ajouter un tag!
|
MARC
| LEADER | 00000nam a22000003a 4500 | ||
|---|---|---|---|
| 001 | stu43395 | ||
| 005 | 20150617225717.6 | ||
| 008 | 940903s1988----cs------------------cze-d | ||
| 040 | |a STU |b slo | ||
| 041 | 0 | |a cze | |
| 044 | |a cs | ||
| 080 | |a 669.1.017(075.8) | ||
| 100 | 1 | |a Brož, Ludvík |4 xxx | |
| 245 | 1 | |a Hutnictví železa / |c Ludvík Brož a kol | |
| 250 | |a 1.vyd. | ||
| 260 | |a Praha : |b SNTL, |c 1988 | ||
| 300 | |a 459 s | ||
| 650 | 7 | |a železo |2 stusub | |
| 650 | 7 | |a hutníctvo |2 stusub | |
| 996 | |b 284M030046 |c M*8790-1 |l MMKN |s A |a 24 |w stu43395_0001 | ||